Phares de France en images - Statistiques

Statistiques générales
  • Ce quiz a été pris 31 fois
  • Le résultat moyen est 10 sur 35
Statistiques - réponses
Par images Hint Réponse % Correct
1842 - 59 - D Dunkerque
57%
1951 - 29 - S Ile de {Sein}
57%
1950 - 85 - Y Ile d'{Yeu}
54%
1948 - 35 - S-M Saint-Malo
50%
1848 - 62 - C Calais
46%
1837 - 29 - Fouesnant Fouesnant
43%
1839 - 56 - G Ile de {Groix}
43%
1863 - 29 - O Ouessant
43%
1897 - 44 - S-N Saint-Nazaire
39%
1950 - 62 - B Berck
36%
1852 - 17 - LR La Rochelle
36%
1855 - 85 - LSD'O Les Sables d'Olonne
36%
1911 - 29 - O Ouessant
36%
1905 - 14 - O Ouistreham
36%
1978 - 13 - F-S-M Fos-sur-Mer
29%
1869 - 30 - L G-D-R Le Grau-du-Roi
29%
1934 - 29 - R Roscoff
29%
1876 - 85 - N Noirmoutier
25%
1948 - 06 - A Antibes
21%
1952 - 06 - S-J-C-F Saint-Jean-Cap-Ferrat
21%
1848 - 29 - B Bénodet
18%
1905 - 17 - LT La Tremblade
18%
1887 - 29 - P Plogoff
18%
1848 - 29 - P Plouzané
18%
1874 - 29 - P Porspoder
18%
1882 - 56 - B Bangor
14%
1838 - 971 - P-T Ilet de {Petite-Terre}
14%
1894 - 29 - P Plouarzel
14%
1902 - 29 - P Plouguerneau
14%
1854 - 17 - S-C-D-B Saint-Clément-des-Baleines
14%
1951 - 76 - S-A Sainte-Adresse
14%
1914 - 973 - R Ile {Royale}
11%
1861 - 972 - L T La Trinité
11%
1867 - 987 - M Mahina
7%
1863 - 40 - S-J-E-B Saint-Jean-en-Born
7%
Aucun quiz correspondant
Distribution des résultats
% des personnes avec chaque résultat
Percentile par nombre de réponses
Votre historique - résultats
Vous n’avez pas pris ce quiz